Etnografía: métodos de investigación
Guardat en:
| Autors principals: | , |
|---|---|
| Format: | Llibre |
| Idioma: | espanyol |
| Publicat: |
Barcelona
Paidós
2007
|
| Edició: | 2a. ed |
| Col·lecció: | Paidós Básica, 69
|
| Matèries: | |
| Etiquetes: |
Afegir etiqueta
Sense etiquetes, Sigues el primer a etiquetar aquest registre!
|
MARC
| LEADER | 00000cam a2200000 a 4500 | ||
|---|---|---|---|
| 001 | UCI6959 | ||
| 003 | CL-VaPUC | ||
| 008 | 080605e20070000SP |||||||||||||||||spa|d | ||
| 020 | |a 9788449309809 | ||
| 082 | 0 | 4 | |a 306.08 |b HAM |2 21 |
| 100 | |a Hammersley, Martyn |e author |9 564944 | ||
| 700 | 0 | |a Atkinson, Paul |e author |9 530065 | |
| 245 | 1 | 0 | |a Etnografía: métodos de investigación |
| 250 | |a 2a. ed | ||
| 300 | |a 344 p | ||
| 942 | |c BK | ||
| 945 | |d 20080605 00:00:00 |a rbrito | ||
| 260 | |a Barcelona |b Paidós |c 2007 | ||
| 650 | 0 | |a Etnografía |9 309735 | |
| 650 | 0 | |a Métodos de investigación |9 262618 | |
| 650 | 0 | |a Etnología |9 258726 | |
| 583 | |a last modification |c 20130905 08:35:46 |k Rodrigo Vera | ||
| 490 | 0 | |a Paidós Básica, 69 | |
| 999 | |c 330392 |d 330390 | ||
| 952 | |0 0 |1 0 |4 0 |6 306_080000000000000_HAM_2007 |7 0 |8 A |9 415901 |a BIBEDU |b BIBEDU |d 2019-11-22 |i 4446496 |o 306.08 HAM 2007 |p 4446496 |r 2019-11-22 |w 2019-11-22 |y BK |k PSI | ||
| 952 | |0 0 |1 0 |3 erb |4 0 |6 306_080000000000000_HAM_2007 |7 0 |8 A |9 415902 |a BIBGIM |b BIBGIM |d 2019-11-22 |i 5009480 |l 2 |o 306.08 HAM 2007 |p 5009480 |r 2025-01-15 |s 2021-07-28 |w 2019-11-22 |y BK |z Catalogado en:20130916 |k SSL | ||
| 952 | |0 0 |1 0 |3 erb |4 0 |6 306_080000000000000_HAM_2007 |7 0 |8 A |9 415903 |a BIBGIM |b BIBGIM |d 2019-11-22 |i 5009499 |o 306.08 HAM 2007 |p 5009499 |r 2025-01-15 |w 2019-11-22 |y BK |z Catalogado en:20130916 |k SSL | ||
| 952 | |0 0 |1 0 |3 erb |4 0 |6 306_080000000000000_HAM_2007 |7 0 |8 A |9 415904 |a BIBGIM |b BIBGIM |d 2019-11-22 |i 5013151 |o 306.08 HAM 2007 |p 5013151 |r 2025-01-15 |w 2019-11-22 |y BK |z Catalogado en:20130930 |k SSL | ||
| 952 | |0 0 |1 0 |3 erb |4 0 |6 306_080000000000000_HAM_2007 |7 0 |8 A |9 415905 |a BIBGIM |b BIBGIM |d 2019-11-22 |i 501316K |o 306.08 HAM 2007 |p 501316K |r 2025-01-15 |w 2019-11-22 |y BK |z Catalogado en:20130930 |k SSL | ||
| 952 | |0 0 |1 0 |3 erb |4 0 |6 306_080000000000000_HAM_2007 |7 0 |8 A |9 415906 |a BIBEDU |b BIBEDU |d 2019-11-22 |i 5019400 |o 306.08 HAM 2007 |p 5019400 |r 2019-11-22 |w 2019-11-22 |y BK |z Catalogado en:20131018 |k PSI | ||